<?xml version="1.0" encoding="UTF-8"?>
<record
    xmlns:xsi="http://www.w3.org/2001/XMLSchema-instance"
    xsi:schemaLocation="http://www.loc.gov/MARC21/slim http://www.loc.gov/standards/marcxml/schema/MARC21slim.xsd"
    xmlns="http://www.loc.gov/MARC21/slim">

  <leader>00596    a2200169   4500</leader>
  <controlfield tag="003">OSt</controlfield>
  <controlfield tag="005">20240823110846.0</controlfield>
  <controlfield tag="008">231019b        |||||||| |||| 00| 0 eng d</controlfield>
  <datafield tag="020" ind1=" " ind2=" ">
    <subfield code="a">9782745152688</subfield>
  </datafield>
  <datafield tag="040" ind1=" " ind2=" ">
    <subfield code="c">oclc</subfield>
  </datafield>
  <datafield tag="082" ind1=" " ind2=" ">
    <subfield code="a">297.4</subfield>
    <subfield code="b">QUS/A</subfield>
  </datafield>
  <datafield tag="100" ind1="1" ind2=" ">
    <subfield code="a">Qushayr&#x12B;, &#x2BB;Abd al-Kar&#x12B;m ibn Haw&#x101;zin,</subfield>
    <subfield code="d">986-1072</subfield>
    <subfield code="9">9761</subfield>
  </datafield>
  <datafield tag="245" ind1=" " ind2=" ">
    <subfield code="a">Al-Qushayri's Epistle on Sufism : </subfield>
    <subfield code="b">Al-Risala al-qushayriyya fi 'ilm al-tasawwuf</subfield>
    <subfield code="c">Ahmad hashim salmi</subfield>
  </datafield>
  <datafield tag="260" ind1=" " ind2=" ">
    <subfield code="b">Scientific book house,</subfield>
    <subfield code="a">Dar al kotob al ilmiyah:</subfield>
    <subfield code="c">1971.</subfield>
  </datafield>
  <datafield tag="300" ind1=" " ind2=" ">
    <subfield code="a">440 p</subfield>
  </datafield>
  <datafield tag="942" ind1=" " ind2=" ">
    <subfield code="2">ddc</subfield>
    <subfield code="c">BK</subfield>
    <subfield code="h">297.4</subfield>
    <subfield code="i">QUS/A</subfield>
    <subfield code="k">297.4</subfield>
    <subfield code="m">QUS/A</subfield>
  </datafield>
  <datafield tag="952" ind1=" " ind2=" ">
    <subfield code="0">0</subfield>
    <subfield code="1">0</subfield>
    <subfield code="2">ddc</subfield>
    <subfield code="4">0</subfield>
    <subfield code="7">0</subfield>
    <subfield code="8">ISLAM</subfield>
    <subfield code="a">MES</subfield>
    <subfield code="b">MES</subfield>
    <subfield code="c">ARB</subfield>
    <subfield code="d">2023-10-19</subfield>
    <subfield code="l">0</subfield>
    <subfield code="o">297.4 QUS/A</subfield>
    <subfield code="p">42878</subfield>
    <subfield code="r">2023-10-19 11:27:34</subfield>
    <subfield code="v">650.00</subfield>
    <subfield code="w">2023-10-19</subfield>
    <subfield code="y">REF</subfield>
    <subfield code="z">U16R5</subfield>
  </datafield>
  <datafield tag="999" ind1=" " ind2=" ">
    <subfield code="c">42646</subfield>
    <subfield code="d">42646</subfield>
  </datafield>
</record>
